000 01130nam a2200265Ia 4500
003 OSt
005 20221005105428.0
006 a|||||r|||| 00| 0
007 ta
008 221004b |||||||| |||| 00| 0 hin d
020 _a8186311815 (hbk)
_c400
024 _a2733
037 _bBR6651, 24/01/2013, Rajkamal Prakashan Pvt. Ltd.
_cTextual
040 _aCRL
_cCRL
_bhin
041 _2hin
_ahin
082 _aV2:51.N47, 152L7;P8
100 _aअयोध्या सिंह
245 0 _aभारत का मुक्ति संग्राम
_b अठारहवीं और उन्नीसवीं सदी के विद्रोह
246 _aBhārat kā mukti sangrāma: aṭhārahavīan aur unnīsavīan sadī ke vidroha
260 _aनई दिल्ली
_bप्रकाशन संस्थान भारत
_c2008
300 _a433पृ0
_ccm.
650 _aविश्व-इतिहास
942 _hV2:51.N47, 152L7;P8
_cTEXL
_2cc
999 _c1015785
_d1015785